World history homework / (Record no. 5482)

MARC details
000 -LEADER
fixed length control field 01547nam a22003017a 4500
001 - CONTROL NUMBER
control field 5482
003 - CONTROL NUMBER IDENTIFIER
control field FISKH
005 - DATE AND TIME OF LATEST TRANSACTION
control field 20241210140857.0
008 - FIXED-LENGTH DATA ELEMENTS--GENERAL INFORMATION
fixed length control field 241210b cb ||||| |||| 00| 0 eng d
020 ## - INTERNATIONAL STANDARD BOOK NUMBER
International Standard Book Number 9780439625210
040 ## - CATALOGING SOURCE
Original cataloging agency FISKH
Language of cataloging eng
Transcribing agency FISKH
Modifying agency FISKH
050 ## - LIBRARY OF CONGRESS CALL NUMBER
Classification number D21.Z44
082 ## - DEWEY DECIMAL CLASSIFICATION NUMBER
Classification number 909
100 ## - MAIN ENTRY--PERSONAL NAME
Personal name Zeman, Anne
245 ## - TITLE STATEMENT
Title World history homework /
Statement of responsibility, etc. by Anne Zeman and Kate Kelly
250 ## - EDITION STATEMENT
Edition statement First printing this Edtion, January 2005
260 ## - PUBLICATION, DISTRIBUTION, ETC.
Place of publication, distribution, etc. New York :
Name of publisher, distributor, etc. Scholastic ;
Date of publication, distribution, etc. 1995.
300 ## - PHYSICAL DESCRIPTION
Extent 135 pages :
Other physical details color illustrations , maps ;
Dimensions 28 cm .
490 ## - SERIES STATEMENT
Series statement Everything you need to know about
505 ## - FORMATTED CONTENTS NOTE
Formatted contents note Z <br/>
520 ## - SUMMARY, ETC.
Summary, etc. Highlighting updated maps, timelines, charts, graphs, a detailed index, and additional visual aids, an accessible reference brings world history up to date. Researched according to middle-grade curriculum and current textbooks, and created in conjunction with subject experts, these titles answer kids' most frequently asked homework questions. In world history, students will find everything from Ancient Egypt to Buddha, from Operation Enduring Freedom to the Olympic Games. These newly revised and updated editions in this popular series answer kids' most frequently asked homework questions, and help students in grades 4-6 complete assignments, write reports, and prepare for tests.
521 8# - TARGET AUDIENCE NOTE
Target audience note 970 <br/>
Source Lexile <br/>
521 8# - TARGET AUDIENCE NOTE
Target audience note Z <br/>
Source Raz-Plus <br/>
650 ## - SUBJECT ADDED ENTRY--TOPICAL TERM
Topical term or geographic name entry element world history
Form subdivision Juvenile literature
700 ## - ADDED ENTRY--PERSONAL NAME
Personal name Kelly, Kate
Relator term illustrator
942 ## - ADDED ENTRY ELEMENTS (KOHA)
Source of classification or shelving scheme Dewey Decimal Classification
Koha item type Books
Suppress in OPAC No
Holdings
Withdrawn status Lost status Source of classification or shelving scheme Damaged status Not for loan Collection Home library Current library Shelving location Date acquired Total Checkouts Full call number Barcode Date last seen Price effective from Koha item type
    Dewey Decimal Classification     Non-Fiction Footprints International School Library Network Toul Kork Campus Footprints International School Library Network Toul Kork Campus TTP Secondary Fiction Bookshelves 12/10/2024   ZEM 909 D21.Z44 FIS01186 12/10/2024 12/10/2024 Books